000 00583nam a22002057a 4500
003 NUST
005 20230126145358.0
008 190710b ||||| |||| 00| 0 eng d
038 _aMr. Zahoor
082 _a510
100 _aFaiza
_916930
245 _aExistence and Uniqueness of solutions for Fractional difference Equations
_cFaiza
260 _aIslambad :
_bSNS -NUST,
_c2017.
300 _a79 p. :
_c30cm.
500 _aHardcover
630 _aMathmetics
_917280
650 _aMathematics - MS Thesis
_916139
700 _aDr. Mujeeb ur Rehman
_916447
942 _2ddc
_cTHE
999 _c526302
_d526302